000 00651nam a2200253Ia 4500
003 OSt
005 20221005101805.0
006 a|||||r|||| 00| 0
007 ta
008 221004b |||||||| |||| 00| 0 eng d
024 _a29366
037 _cTextual
040 _aCRL
_cCRL
_beng
041 _2eng
_aeng
082 _aIjN36, N1
100 _aAery N C
_9299128
245 0 _aBotanical researches in India
260 _aUdaipur
_bHimanshu
_c1991
300 _a575p
_ccm.
650 _aBOTANY
700 _a Chaudhary B L
_9622620
942 _hIjN36, N1
_cTEXL
_2cc
999 _c1007391
_d1007391